000 00938nam a22002777a 4500
008 131114b xxu||||| |||| 00| 0 eng d
020 _a0920157149
041 0 _aeng
_afre
080 _a341
_x(71)
245 0 0 _aCanadian Council on International Law = Conesil Canadien de droit international :
260 _aOtawa :
_bProceedings XVIIITH annual conference ;
_c1989.
300 _a445 f. :
_c23 cm.
650 0 _aE drejta ndërkombëtare
700 1 _aEtherington, Brian edt.
700 1 _aFleming, Donald edt.
700 1 _aHughes, Elaine edt.
700 1 _aIrish, Maureen edt.
700 1 _aLe Bouthiller, Yves edt.
700 1 _aLouise, Lussier edt.
700 1 _aMazer, Brian edt.
700 1 _aReif, Linda edt.
700 1 _aRowe, Shelley edt.
700 1 _aSanfilippo, Andrew edt.
700 1 _aToope, Stephen edt.
942 _2udc
_cBK
999 _c323
_d323